000 00688nam a2200253 a 4500
001 116
003 BD-RjUL
005 20211208233121.0
008 140301t20132013bg 000 0 eng
020 _a9789849058212
035 _a(BD-RjUL)128
040 _aDLC
_beng
_cDLC
_erda
_dBD-RjUL
041 _aeng
082 _221
_a821
_bFAL 2013
100 1 _aFaiz, S. M. A.,
_d1947-
_9115467
245 1 4 _aThe leaves of Lullaby tree /
_cS.M.A. Faiz.
260 _aDhaka :
_bOsder Publications,
_cc2013.
300 _a235 pages ;
_c22 cm.
500 _aPoems.
650 _aEnglish poetry.
_9115468
942 _2ddc
_cBK
999 _c116
_d116